Zakladateľ slovenskej fyziky : Život a dielo Dionýza Ilkoviča /
Salvato in:
| Autore principale: | |
|---|---|
| Natura: | Libro |
| Lingua: | slovacco |
| Pubblicazione: |
Bratislava :
Vydavateľstvo Spektrum STU,
2019
|
| Edizione: | 1. vyd. |
| Tags: |
Nessun Tag, puoi essere il primo ad aggiungerne!!
|
MARC
| LEADER | 00000nam a22000003a 4500 | ||
|---|---|---|---|
| 001 | 0072824 | ||
| 003 | SK-STU | ||
| 005 | 20230511094311.6 | ||
| 007 | ta | ||
| 008 | 190424s ----xo-----e------000-0-----d | ||
| 020 | |a 978-80-227-4879-7 | ||
| 040 | |a STU |b slo | ||
| 041 | 0 | |a slo | |
| 044 | |a xo | ||
| 100 | 1 | |a Šebesta, Juraj |4 aut | |
| 245 | 1 | 0 | |a Zakladateľ slovenskej fyziky : |b Život a dielo Dionýza Ilkoviča / |c aut. Juraj Šebesta |
| 250 | |a 1. vyd. | ||
| 260 | |a Bratislava : |b Vydavateľstvo Spektrum STU, |c 2019 | ||
| 300 | |a 477 s. | ||
| 996 | |b 284EK90008 |c E* 90008 |l EE34 |s P |a 0 |w 0072824_0001 | ||
| 996 | |b 284EK90009 |c E* 90009 |l EE01 |s A |a 24 |w 0072824_0002 | ||